00899cam a22002291 4500001001300000003000400013005001700017008004100034010001700075035002000092040001900112042001200131050002300143111007000166245007500236260007100311300001800382501015200400650004000552650001600592810006100608e 51000016 DLC20260227111234.0830309s1951 dcu 100 0 eng  ae 51000016  a(OCoLC)16764317 aDLCcOrPSdDLC apremarc00aL111b.A72 no. 3252 aConference on Pupil Personnel Serviced(1951 :cWashington, D.C.)10aPupil personnel services in elementary and secondary schools;breport. a[Washington]bFederal Security Agency, Office of Educationc[1951] a14 p.c26 cm. aWith: How large are our public high schools? / Walter H. Gaumnitz. Washington : U.S. Govt. Print. Off., 1949. Bound subsequent to publication.5DLC 0aEducational counselingvCongresses. 0aCounseling.1 aUnited States.bOffice of Education.vno. 325.tCircular